Krishna in verse (Record no. 515110)

000 -LEADER
fixed length control field 00266nam a2200097 4500
082 ## - DEWEY DECIMAL CLASSIFICATION NUMBER
Classification number TNC AB45 G443
100 ## - MAIN ENTRY--PERSONAL NAME
Personal name Giri, Shankaracharya
9 (RLIN) 20234
245 ## - TITLE STATEMENT
Title Krishna in verse
Statement of responsibility, etc by Shanakaracharya Giri
260 ## - PUBLICATION, DISTRIBUTION, ETC. (IMPRINT)
Place of publication, distribution, etc Ranchi
Name of publisher, distributor, etc Ramayan Gita Publications
Date of publication, distribution, etc 2004
300 ## - PHYSICAL DESCRIPTION
Extent 78p.
Holdings
Withdrawn status Lost status Source of classification or shelving scheme Damaged status Koha normalized classification for sorting Not for loan Permanent location Current location Date acquired Full call number Barcode Date last seen Price effective from Koha item type
        TNC_AB45_G443   Indian Institute of Public Administration Indian Institute of Public Administration 2021-01-12 TNC AB45 G443 Gr22093 2021-01-12 2021-01-12 GR

Powered by Koha